| 000 | 00950nam a2200229 a 4500 | ||
|---|---|---|---|
| 001 | 49667 | ||
| 003 | BD-RjUL | ||
| 005 | 20220203122257.0 | ||
| 008 | 160822b19601948ii ||||| |||| 00| 0 ben d | ||
| 020 | _c: IRs.1.16 | ||
| 035 | _a(BD-RjUL)49787 | ||
| 040 |
_aBD-RjUL _bben _cBD-RjUL _dBD-RjUL |
||
| 041 | _aben | ||
| 082 |
_223 _a891.4409 _bBHS 1960 |
||
| 100 |
_aভট্টাচার্য, বিষ্ণুপদ _9148928 |
||
| 245 | 1 | 0 |
_aসাহিত্য-মীমাংসা / _cবিষ্ণুপদ ভট্টাচার্য |
| 260 |
_aকলিকাতা : _bবিশ্বভারতী গ্রন্থালয়, _c১৯৪৮[মুদ্রন ১৯৬০]. |
||
| 300 |
_a১১৬ পৃ. ; _c১৯ সেমি. |
||
| 650 |
_aবাংলা সাহিত্য _vইতিহাস ও সমালোচনা _9117445 |
||
| 650 |
_aBengali literature _vHistory and Criticism _9148929 |
||
| 942 |
_2ddc _cBK |
||
| 999 |
_c49667 _d49667 |
||